000 00870cam a22002897a 4500
003 CHAP
005 20220329140329.0
008 971013s r 00010 d
010 _a50511
011 _a51483
035 _a55633
040 _cCHAP
090 _aFolleto 2321
100 0 0 _aTorres R., Edmundo.
_9114207
245 1 3 _aEl cultivo del trigo en el norte de Coahuila
260 _a(s.l.) :
_bCampo Experimental de Zaragoza,
_c(s.a.)
300 _as.p.
500 _aHoja desplegable
590 _aBATCH-UPD
_b10
_c20130110
_lUCH01
_h0808
590 _aCONVERSION
_b10
_c20130109
_lUCH01
_h1327
650 1 4 _aTrigo
_xCoahuila.
_9114993
700 0 _aOria Ramos, Pedro Ricardo.
_983572
901 _aBK
942 _cFOLL
949 _aFolleto 2321
_bBC
_cFOLL
_d-121948
_eTS1
_i55633
_mD
_si
949 _aFolleto 2321
_bBC
_cFOLL
_d-121949
_eTS2
_fc.2
_i55633
_mD
_si
999 _c50511
_d50511